Ứng dụng tin học trong tính toán, thiết kế máy và thiết bị thực phẩm /
Nội dung cuốn sách được xây dựng với bố cục 2 phần: phần 1: bao gồm nền tảng tích số cùng các kiến thức nâng cao liên quan và phần 2 bao gồm các ứng dụng phát triển ứng dụng trong lĩnh vực công nghệ sinh học - thực phẩm với phần mềm...
Gorde:
| Egile nagusia: | |
|---|---|
| Formatua: | Liburua |
| Hizkuntza: | Vietnamese |
| Argitaratua: |
H. :
Bách Khoa Hà Nội,
2020
|
| Gaiak: | |
| Etiketak: |
Etiketa erantsi
Etiketarik gabe, Izan zaitez lehena erregistro honi etiketa jartzen!
|
| Thư viện lưu trữ: | Thư viện Trường CĐ Kỹ Thuật Cao Thắng |
|---|
| LEADER | 01852nam a2200325 a 4500 | ||
|---|---|---|---|
| 001 | TVCDKTCT120213 | ||
| 003 | TVCĐKTCT | ||
| 005 | 20201126144136.000 | ||
| 008 | 201126syyyy vn | ||
| 980 | \ | \ | |a Thư viện Trường CĐ Kỹ Thuật Cao Thắng |
| 024 | |a RG_1 #1 eb0 i1 | ||
| 020 | # | # | |a 9786049902703 |
| 041 | 0 | # | |a vie |
| 082 | # | # | |a 664.00284 |b Ư556D |
| 100 | 1 | # | |a Nguyễn, Đức Chung |e Chủ biên |
| 245 | 1 | 0 | |a Ứng dụng tin học trong tính toán, thiết kế máy và thiết bị thực phẩm / |c Nguyễn Đức Chung, Nguyễn Minh Huệ, Nguyễn Ngọc Hoàng |
| 260 | # | # | |a H. : |b Bách Khoa Hà Nội, |c 2020 |
| 300 | |a 340tr. ; |c 24cm | ||
| 520 | # | # | |a Nội dung cuốn sách được xây dựng với bố cục 2 phần: phần 1: bao gồm nền tảng tích số cùng các kiến thức nâng cao liên quan và phần 2 bao gồm các ứng dụng phát triển ứng dụng trong lĩnh vực công nghệ sinh học - thực phẩm với phần mềm công cụ Matlab& Stimulink cùng với phần mềm 20-Sim. Nội dung ứng dụng trong sản xuất sẽ định hướng bạn đọc đến với phần mềm RSView32 với kỳ vọng định hình khả năng phát triển các ứng dụng SCADA |
| 541 | # | # | |a Mua |
| 650 | # | 4 | |a Công nghệ thực phẩm |
| 653 | # | # | |a Máy móc |
| 653 | # | # | |a Thiết bị |
| 653 | # | # | |a Thiết kế |
| 653 | # | # | |a Tin học ứng dụng |
| 721 | # | # | |a 03. CNKT Cơ khí |
| 721 | # | # | |a 05. Công nghệ thông tin |
| 721 | # | # | |a 07. CNKT Cơ điện tử |
| 721 | # | # | |a 08. CNKT Điều khiển và Tự động hóa |
| 841 | # | # | |b Kho Sách |j 100053566, 100053586, 100053623 |


